00538nam a22001692 4500001001100000005001700011008004100028020001700069040001500086245013100101250001300232260002700245300001500272650004400287700003400331852000300365000001879920151217155859.0100704s xx 000 0 eng d a9781311630 : aKABUcKABU10aDNA Marker-assisted improvement of the staple crops of Sub-Saharan Africa /cedited by Jonathan H. Crouch and Abdou Tenkouano. a1st ed. aIbadan :bIITA,c1999. ax, 230 p. 0aCropsxGenetic engineering.@00001781211 aTenkouano, Abdou.@00001782131